=LDR 00000nam 2200000 4500 =001 INLIS000000000038631 =005 20130612144309 =008 ***********************************Ind** =035 ##$$a0010-061300000038631 =041 ##$$a Ind =082 ##$$a 658.311 =090 ##$$a 658.311, Ism c =100 ##$$a Ismail =245 ##$$a Cara cerdas ++ menembus ujian CPHS, Ismail; Editor, Dhimilerta Hardjono =260 ##$$a 2006 $b Yogyakarta =300 ##$$a viii,269 hlm, 20 cm =650 ##$$a Pegawai Negeri Tes Dan Evaluasi =850 ##$$a NBPNMAT =990 ##$$a 0001/BPAP-NTB/20142014